000 nam a22 7a 4500
999 _c8988
_d8988
008 180122b ||||| |||| 00| 0 eng d
100 _95288
_aWESTWOOD .P
245 _aWHAT TEACHER'S NEED TO KNOW ABOUT NUMERANCY
260 _aAUSTRALIA
_bACER
_c2016